000
00324nam a2200133Ia 4500
005
20251222143307.0
008
251222s9999||||xx |||||||||||||| ||spa||
020
_a
950-808-287-9
082
_a
371.42/H19
100
_a
Hamson de Brussa, Alicia
245
0
_a
La Función Tutorial:
264
_b
Homo Sapiens
942
_c
LIB
999
_c
15567
_d
15567